[Event "Moscow op-E"]
[Site "Moscow"]
[Date "2011.02.06"]
[Round "9.94"]
[White "Marchenko, Pavel V"]
[Black "Kachar, Vladimir"]
[Result "1/2-1/2"]
[WhiteElo "2115"]
[BlackElo "2334"]
[PlyCount "140"]
[EventDate "2011.01.29"]
[EventType "swiss"]
[EventRounds "9"]
[EventCountry "RUS"]
[SourceTitle "EXT 2022"]
[Source "ChessBase"]
[SourceDate "2021.10.06"]
[SourceVersion "1"]
[SourceVersionDate "2021.10.06"]
[SourceQuality "1"]

1. e4 c5 2. c3 Nf6 3. e5 Nd5 4. d4 cxd4 5. cxd4 d6 6. Nf3 Nc6 7. Bc4 e6 8. 0-0 Be7 9. Nc3 Nxc3 10. bxc3 dxe5 11. Nxe5 Nxe5 12. dxe5 Qxd1 13. Rxd1 Bd7 14. Rb1 0-0-0 15. Be3 b6 16. h3 Bc6 17. Bb3 Be4 18. Rxd8+ Rxd8 19. Re1 Bd3 20. Bd4 Kc7 21. Rd1 Bb5 22. f4 Bh4 23. f5 exf5 24. Bxf7 Be7 25. Kf2 Bc6 26. Bb3 g6 27. g3 Be4 28. a4 Kc6 29. Ra1 Rb8 30. Bc4 Rf8 31. Bb5+ Kb7 32. Bc4 Bd8 33. Ra2 Bc6 34. Bb5 Bd5 35. Rb2 f4 36. g4 h5 37. Be2 f3 38. Bd3 hxg4 39. hxg4 Rh8 40. c4 Bh4+ 41. Kf1 Bc6 42. Rh2 g5 43. Bc2 Rf8 44. Be3 Re8 45. Bd4 Kc7 46. a5 bxa5 47. Bf5 Rd8 48. Rd2 Bg3 49. e6 Bf4 50. Rd3 Rb8 51. Rd1 Ba4 52. Re1 Bb3 53. e7 Bxc4+ 54. Kg1 Bf7 55. Bxa7 Re8 56. Bd4 a4 57. Bf6 a3 58. Kf2 a2 59. Kxf3 Ra8 60. Be6 Be8 61. Ba1 Kd6 62. Re2 Bc6+ 63. Kf2 Kxe7 64. Bxa2+ Kd6 65. Bd4 Ra3 66. Bb1 Bg3+ 67. Kg1 Bf4 68. Bf5 Rh3 69. Ba7 Bf3 70. Re6+ Kd5 1/2-1/2

[Event "Moscow op-E"]
[Site "Moscow"]
[Date "2011.01.31"]
[Round "3.71"]
[White "Marchenko, Pavel V"]
[Black "Hamitevici, Vladimir"]
[Result "0-1"]
[WhiteElo "2115"]
[BlackElo "2412"]
[PlyCount "81"]
[EventDate "2011.01.29"]
[EventType "swiss"]
[EventRounds "9"]
[EventCountry "RUS"]
[SourceTitle "EXT 2022"]
[Source "ChessBase"]
[SourceDate "2021.10.06"]
[SourceVersion "1"]
[SourceVersionDate "2021.10.06"]
[SourceQuality "1"]

1. e4 c6 2. d4 d5 3. Nc3 a6 4. Bf4 g6 5. Qd2 Bg7 6. e5 h5 7. Nf3 Bg4 8. Bd3 Bxf3 9. gxf3 e6 10. 0-0-0 Qh4 11. Ne2 Bh6 12. Bxh6 Rxh6 13. Qb4 b5 14. Qd2 Nd7 15. Nf4 0-0-0 16. Rdg1 Re8 17. c3 Kb7 18. Rg3 Qe7 19. Rhg1 Qf8 20. Ng2 Rh8 21. Nh4 Qh6 22. f4 Ne7 23. Rg5 Qf8 24. Qe2 Rc8 25. a4 Qd8 26. Kd2 Qa5 27. b4 Qxa4 28. Rb1 a5 29. Rgg1 Qa2+ 30. Bc2 axb4 31. Rxb4 Nb6 32. Rbb1 Nc4+ 33. Kd3 Na3 34. Rbc1 c5 35. Bb1 Qc4+ 36. Ke3 cxd4+ 37. cxd4 Qb4 38. Bd3 Rc3 39. Rxc3 Qxc3 40. Qa2 Nc6 41. Qa1 0-1

[Event "Moscow op"]
[Site "Moscow"]
[Date "2011.01.11"]
[Round "8"]
[White "Marchenko, Pavel V"]
[Black "Kedrov, Valery V"]
[Result "0-1"]
[WhiteElo "2115"]
[BlackElo "2276"]
[PlyCount "64"]
[EventDate "2011.01.03"]
[EventType "swiss"]
[EventRounds "9"]
[EventCountry "RUS"]
[SourceTitle "CBM 140 Extra"]
[Source "ChessBase"]
[SourceDate "2011.03.01"]
[SourceVersion "1"]
[SourceVersionDate "2011.03.01"]
[SourceQuality "1"]

1. e4 e5 2. Bc4 Nf6 3. d4 exd4 4. Nf3 Nxe4 5. Qxd4 Nf6 6. 0-0 d5 7. Bb5+ c6 8. Ba4 Be7 9. Bg5 b5 10. Bb3 c5 11. Qe3 c4 12. Bxf6 gxf6 13. Re1 cxb3 14. axb3 Nc6 15. Qh6 Be6 16. Nc3 a6 17. Rad1 Qd7 18. Nxd5 Bxd5 19. c4 0-0-0 20. cxd5 Nb4 21. d6 Bxd6 22. Qxf6 Kb8 23. g3 Qc7 24. Ng5 Bc5 25. Nxf7 Rdf8 26. Re5 Bxf2+ 27. Qxf2 Rxf7 28. Qe1 Rhf8 29. Re8+ Rxe8 30. Qxe8+ Ka7 31. Rd8 Qc1+ 32. Kg2 Qf1# 0-1

[Event "Moscow op"]
[Site "Moscow"]
[Date "2011.01.03"]
[Round "1"]
[White "Marchenko, Pavel V"]
[Black "Koshevoy, Sergey Vladimirovic"]
[Result "0-1"]
[WhiteElo "2115"]
[BlackElo "2239"]
[PlyCount "94"]
[EventDate "2011.01.03"]
[EventType "swiss"]
[EventRounds "9"]
[EventCountry "RUS"]
[SourceTitle "CBM 140 Extra"]
[Source "ChessBase"]
[SourceDate "2011.03.01"]
[SourceVersion "1"]
[SourceVersionDate "2011.03.01"]
[SourceQuality "1"]

1. e4 c5 2. Nc3 Nc6 3. f4 g6 4. Nf3 Bg7 5. Bc4 e6 6. 0-0 Nge7 7. d3 d5 8. Bb5 0-0 9. Kh1 Nd4 10. Ba4 a6 11. Bb3 b5 12. Nxd4 Bxd4 13. Ne2 Bg7 14. c3 Bb7 15. Ng3 f5 16. e5 c4 17. Bc2 d4 18. dxc4 dxc3 19. bxc3 bxc4 20. Ba3 Bd5 21. Qd2 Rf7 22. Bxe7 Rxe7 23. Rab1 Rb8 24. Rxb8 Qxb8 25. Rb1 Rb7 26. Rxb7 Qxb7 27. Nf1 Bh6 28. Bd1 Qb1 29. Kg1 Bf8 30. Kf2 Bc5+ 31. Kg3 Kf7 32. Qc2 Qxc2 33. Bxc2 Ba3 34. Ne3 Bb2 35. Nd1 Bc1 36. Ba4 Ke7 37. h4 Bd2 38. Bc2 Kd8 39. Ba4 Be4 40. Nf2 Be1 41. Bd1 Kc7 42. Be2 Bd5 43. Bf3 Kc6 44. Bxd5+ Kxd5 45. Kf3 Bxf2 46. Kxf2 Ke4 47. g3 Kd3 0-1